LEADER 01467nam a2200313 u 4500 001 000000012116 003 CaOOAMICUS 005 20070226105512.0 008 940516s1986 it u000 u ita u 035 $a10293518 040 $aCst-Law$bita$cCst-Law$dMnU-L$dPUL(R) 245 03$aLa famiglia nel nuovo diritto :$bdai principi della Costituzione alle riforme del codice civile /$cMario Bessone ... [et al.]. 250 $a3. ed. 260 $aBologna :$bZanichelli,$c1986. 300 $av, 240 p. ;$c21 cm 490 1 $aSerie di diritto 500 $aIn testa al front.: Mario Bessone, Guido Alpa, Andrea D'Angelo, Gildo Ferrando. 504 $aBibliography: p. [217]-240. 650 4$aFamiglia (diritto).$0(OLS)http://pul/subject/1842 700 1 $aBessone, Mario.$0(OLS)http://pul/name/11588 700 1 $aFerrando, Gildo.$0(OLS)http://pul/name/11590 700 1 $aD'Angelo, Andrea.$0(OLS)http://pul/name/11589 700 1 $aAlpa, Guido.$0(OLS)http://pul/name/5977 830 0$aSerie di diritto (Zanichelli (Firm)).$0(OLS)http://pul/title/17555 850 $aPUL 852 $aPUL$W1$xDP1 Altre Collocazioni$y17$mSenza collocazione$j12$nBK-PRI$b $qStampati$B17138$CPULBib$Z2$F17138 $H $81 941 1 $a8 996 $6245$aLa famiglia nel nuovo diritto :$bdai principi della Costituzione alle riforme del codice civile$9(OLS)http://pul/title/17554 996 $6260$aBologna :$bZanichelli$9(OLS)http://pul/publisher/48255 LEADER 02714nam a2200493 a 4500 001 000000092376 003 CaOOAMICUS 005 20130207131345.0 008 060609m20069999fr u000 u fre r 020 $a2-204-08169-8 020 $z978-2-204-08584-7 (v. 2)* 020 $a978-2-204-09739-0 035 $a11091950 040 $aIPA$bita$dPUL$dLDB 041 1 $afre$alat$hlat 100 0 $aBernardus,$cs., abate di Clairvaux,$d1091-1153.$0(OLS)http://pul/name/1611 240 10$aSermones.$lFrancese e latino.$0(OLS)http://pul/title/167652 245 10$aSermons divers /$cBernard de Clairvaux ; teste latin des "S. Bernardi opera" par J. Leclercq, H. Rochais et Ch. H. Talbot ; introduction et notes par Françoise Callerot ; traduction par Pierre-Yves Émery. 260 $aParis :$bCerf,$c2006- 300 $av. <1-3 > ;$c20 cm. 490 1 $aSources chrétiennes ;$v496, 518, 545 490 1 $aOeuvres complètes ;$v24 505 1 $at. I: sermons 1-22. -- t. 2. 23-69. -- v. 3. Sermons 70-125. 700 1 $aEmery, Pierre-Yves.$0(OLS)http://pul/name/3161 700 1 $aCallerot, Françoise.$0(OLS)http://pul/name/14071 700 1 $aRochais, Henri M.,$cO.S.B.,$d1920-$0(OLS)http://pul/name/3141 700 1 $aLeclercq, Jean,$cO.S.B.,$d1911-1993.$0(OLS)http://pul/name/3420 700 1 $aTalbot, Charles Hugh.$0(OLS)http://pul/name/3421 800 0 $aBernardus,$cs., abate di Clairvaux,$d1091-1153.$tOeuvres complètes ;$v24.$0(OLS)http://pul/nameTitle/1406$0(OLS)http://pul/name/1611$0(OLS)http://pul/title/145440 830 0$aSources chrétiennes ;$v496, 518, 545.$0(OLS)http://pul/title/45 850 $aPUL 852 $aPUL$W1$xSL Religione 2$y84$mTheol E3 545$j152641$av. 3$qStampati Altre Collocazioni$B152044$CPULBib$Z2$F152044 $H121605 $82 852 $aPUL$W1$xSL Religione 2$y84$mTheol E3 496$j116198$nBK-PRI$b $qStampati altre collocazioni$B116198$CPULBib$Z2$F116198 $HPUL101562 $81 852 $aPUL$W1$xSL Religione 2$y84$mTheol E3 518$j124357$nBK-PRI$qStampati altre collocazioni$B123188$CPULBib$Z2$F123188 $H106164 $82 900 $aBernardo di Chiaravalle,$cs.,$d1091-1153$91611 900 $aBernardo di Chiaravalle,$cs.,$d1091-1153$91611 900 $aBernardo di Chiaravalle,$cs.,$d1091-1153$91611 941 1 $a10 996 $6020$a2-204-08169-8$9(OLS)http://pul/number/121381 996 $6020$z978-2-204-08584-7 (v. 2)*$9(OLS)http://pul/number/136683 996 $6020$a978-2-204-09739-0$9(OLS)http://pul/number/151776 996 $6245$aSermons divers$9(OLS)http://pul/title/119220 996 $6260$aParis :$bCerf$9(OLS)http://pul/publisher/48238